Standards, vol. 2 (Lp Ecm 1289) (Record n. 102799)

Dettagli MARC
000 -LEADER
fixed length control field 02169njm a2200433Ia 4500
001 - CONTROL NUMBER
control field 69536
003 - CONTROL NUMBER IDENTIFIER
control field IT-RoPAU
005 - DATE AND TIME OF LATEST TRANSACTION
control field 20220918181158.0
008 - FIXED-LENGTH DATA ELEMENTS--GENERAL INFORMATION
fixed length control field 131025s9999 xx 000 0 und d
040 ## - CATALOGING SOURCE
Original cataloging agency IT-RoPAU
040 ## - CATALOGING SOURCE
Transcribing agency IT-RoPAU
999 ## - SYSTEM CONTROL NUMBERS (KOHA)
Koha Dewey Subclass [OBSOLETE] n.d.
100 ## - MAIN ENTRY--PERSONAL NAME
Personal name AA.VV.
9 (RLIN) 794
100 ## - MAIN ENTRY--PERSONAL NAME
Relator term Autore musica
9 (RLIN) 24183
100 ## - MAIN ENTRY--PERSONAL NAME
Miscellaneous information Codice autore musica SPICS: 12000
9 (RLIN) 796
245 ## - TITLE STATEMENT
Title Standards, vol. 2 (Lp Ecm 1289)
250 ## - EDITION STATEMENT
Edition statement 1a ed.
260 ## - PUBLICATION, DISTRIBUTION, ETC. (IMPRINT)
Place of publication, distribution, etc. GERMANY
260 ## - PUBLICATION, DISTRIBUTION, ETC. (IMPRINT)
Name of publisher, distributor, etc. ECM RECORDS
Date of publication, distribution, etc. 1985 [1a Ed.:1985 - Ed. Lingua Orig.: 1985]
300 ## - PHYSICAL DESCRIPTION
Extent DISCO
300 ## - PHYSICAL DESCRIPTION
Dimensions 46 minuti (Testo: 0 pag.)
500 ## - GENERAL NOTE
General note Musica strumentale.
505 ## - FORMATTED CONTENTS NOTE
Formatted contents note So Tender (8:00) - Moon and Sand (9:00) - In Love In Vain (8:00) - Never Let Me Go (8:00) - If I Should Lose You (9:00) - I Fall In Love Too Easily (6:00)
511 ## - PARTICIPANT OR PERFORMER NOTE
Participant or performer note Peacock Gary: bass; Dejohnette Jack: chit
650 ## - SUBJECT ADDED ENTRY--TOPICAL TERM
Topical term or geographic name as entry element STRUMENTALE [DISCHI]
Relator term Codice MATERIA SPICS: 9950
9 (RLIN) 828
700 ## - ADDED ENTRY--PERSONAL NAME
Personal name Jarrett Keith
Miscellaneous information Codice interprete SPICS: 11614
Relator term Interprete
9 (RLIN) 24184
700 ## - ADDED ENTRY--PERSONAL NAME
Personal name Jarrett Keith
Miscellaneous information Codice autore musica SPICS: 11614
Relator term Autore musica
Name of part/section of a work So Tender
9 (RLIN) 24185
700 ## - ADDED ENTRY--PERSONAL NAME
Personal name Wilder Alec
Miscellaneous information Codice autore musica SPICS: 20488
Relator term Autore musica
Name of part/section of a work Moon and Sand
9 (RLIN) 24186
700 ## - ADDED ENTRY--PERSONAL NAME
Personal name Engvick William
Miscellaneous information Codice autore SPICS: 15849
Relator term Autore
Name of part/section of a work Moon and Sand
9 (RLIN) 24187
700 ## - ADDED ENTRY--PERSONAL NAME
Personal name Palitz Mortimer
Miscellaneous information Codice autore testo/musica SPICS: 23953
Relator term Autore testo/musica
Name of part/section of a work Moon and Sand
9 (RLIN) 24188
700 ## - ADDED ENTRY--PERSONAL NAME
Personal name Robin Leo
Miscellaneous information Codice autore musica SPICS: 20175
Relator term Autore musica
Name of part/section of a work In Love In Vain - If I Should Lose You
9 (RLIN) 24189
700 ## - ADDED ENTRY--PERSONAL NAME
Personal name Kern Jerome
Miscellaneous information Codice autore SPICS: 10779
Relator term Autore
Name of part/section of a work In Love In Vain
9 (RLIN) 24190
700 ## - ADDED ENTRY--PERSONAL NAME
Personal name Evans Raymond
Miscellaneous information Codice autore musica SPICS: 23703
Relator term Autore musica
Name of part/section of a work Never Let Me Go
9 (RLIN) 24191
700 ## - ADDED ENTRY--PERSONAL NAME
Personal name Livingston Jay
Miscellaneous information Codice autore SPICS: 23738
Relator term Autore
Name of part/section of a work Never Let Me Go
9 (RLIN) 24192
700 ## - ADDED ENTRY--PERSONAL NAME
Personal name Rainger Ralph
Miscellaneous information Codice autore musica SPICS: 20269
Relator term Autore musica
Name of part/section of a work If I Should Lose You
9 (RLIN) 24193
700 ## - ADDED ENTRY--PERSONAL NAME
Personal name Cahn Sammy
Miscellaneous information Codice autore musica SPICS: 13947
Relator term Autore musica
Name of part/section of a work I Fall In Love Too Easily
9 (RLIN) 24194
700 ## - ADDED ENTRY--PERSONAL NAME
Personal name Styne Jules
Miscellaneous information Codice autore SPICS: 11167
Relator term Autore
Name of part/section of a work I Fall In Love Too Easily
9 (RLIN) 24195
942 ## - ADDED ENTRY ELEMENTS (KOHA)
Koha item type DISCHI
Source of classification or shelving scheme Dewey Decimal Classification
Dati di copia
Withdrawn status Lost status Damaged status Not for loan Home library Current library Date acquired Total Checkouts Full call number Date last seen Price effective from Koha item type Public note
    Buone Condizioni Not For Loan SPICS-MEDIATECA SPICS-MEDIATECA 25/10/2013   69536 25/10/2013 25/10/2013 DISCHI Progr. Ins.: 16721 / N.Vol.: 1 / Copie: 1 - Copia rara: n.d. / date import: 01.01.2014 - By Epidotti, Trombetti, Vaglietti
CREDITS: SOCIETA' SAN PAOLO Via A.Severo, 58 - ROMA (RM) & PERIODICI SAN PAOLO SRL Via Giotto, 36 MILANO & CISF Via Giotto, 36 MILANO & EDIZIONI SAN PAOLO SRL,  Piazza Soncino, 5 CINISELLO BALSAMO (MI) -- ITALY